Photoshop web techniques
Αποθηκεύτηκε σε:
| Κύριος συγγραφέας: | |
|---|---|
| Μορφή: | Βιβλίο |
| Γλώσσα: | English |
| Δημοσίευση: |
Indianapolis, IN :
New Riders,
c1997
|
| Θέματα: | |
| Ετικέτες: |
Προσθήκη ετικέτας
Δεν υπάρχουν, Καταχωρήστε ετικέτα πρώτοι!
|
MARC
| LEADER | 00000nam a2200000 i 4500 | ||
|---|---|---|---|
| 001 | 1/3234 | ||
| 008 | 000518s1997 eng d | ||
| 020 | |a 1562057332 | ||
| 035 | |l 10060725 | ||
| 040 | |a GR-MY-UA |b gre |e aacr | ||
| 041 | 0 | |a eng | |
| 082 | 0 | |a 006.6869 | |
| 100 | 0 | |a Hamlin, J. Scott. | |
| 245 | 1 | 0 | |a Photoshop web techniques / |c J. Scott Hamlin |
| 260 | |a Indianapolis, IN : |b New Riders, |c c1997 | ||
| 300 | |a xi, 270 p.; |b ill.; |c 24 cm.+ |e 1 computer optical disk (4 3/4 in.) | ||
| 504 | |a Includes index | ||
| 650 | 0 | 0 | |a Computer graphics. |
| 852 | |a INST |b SAMOS |e 20000518 |h 006.6869 HAM |p 005300015312 |q 005300015312 |t BK |y 0 | ||
| 852 | |a INST |b SAMOS |e 20000518 |h 006.6869 HAM |p 005300017306 |q 005300017306 |t BK |y 0 | ||
| 901 | |a BIBL3-2000-2 | ||
| 909 | |a Σ |b 075163 | ||
| 909 | |a Σ |b 075162 | ||
| 922 | |a 3ΕΛΗ |b 200003 |c ΤΠΕΣ/ΤΑΚΤ |d ΠΑΠΑΣΩΤΗΡΙΟΥ | ||
| 970 | |a ΓΕΝΟΥΖΟΥ |b ΧΡΥΣΑΝΘΗ |z 2000/05/18 | ||